| 000 | 00694nam a2200229 a 4500 | ||
|---|---|---|---|
| 001 | BRCA_6622 | ||
| 005 | 20190320205530.0 | ||
| 008 | 051011s1992----mx-a######---#000-0#spa-# | ||
| 020 | _a9683625770 | ||
| 041 | _aspa | ||
| 044 | _amx | ||
| 050 | 4 |
_aZ997.2 _b.C37 1992 |
|
| 245 | 1 | 0 |
_aCasas-biblioteca de mexicanos _b(bibliotecas privadas) |
| 260 |
_aMéxico _bUNAM : Gobierno del Estado de Guerrero _c1992 |
||
| 300 |
_a151 p. _bil. (algunas a color) _c32 cm. |
||
| 500 | _aDonación Dra. Elsa Barberena | ||
| 650 | 1 | 4 |
_aBibliotecas privadas _zMéxico _91303 |
| 650 | 1 | 4 |
_aArquitectura _zMéxico _9596 |
| 650 | 1 | 4 |
_aArquitectura de interiores _zMéxico _916581 |
| 902 | _aDEB | ||
| 942 |
_2lcc _cB |
||
| 999 |
_c6306 _d6306 |
||